| 000 | 01060nam a22002537a 4500 | ||
|---|---|---|---|
| 999 |
_c63459 _d63459 |
||
| 005 | 20240530110642.0 | ||
| 008 | 171023s2015 ua a g b 000 0 ara d | ||
| 017 |
_a2014/4812 _bمصر. دار الكتب |
||
| 020 | _a9789773505646 | ||
| 040 |
_aEG-CaGPL _cEG-CaGPL |
||
| 082 | 0 | 4 |
_221 _a659.143\ _bى د |
| 100 | 0 | _aياسر محمد سهيل . | |
| 245 | 1 | 0 |
_aدراسة الاسس الفنية و العلمية لتوظيف اللون فى تصميم الاعلان الثابت و المتحرك / _cياسر محمد سهيل ، ريهام محمد الجندى . |
| 250 | _aط.1 | ||
| 260 |
_aالقاهرة : _bدار الكتاب الحديث ، _c2015 . |
||
| 300 |
_a300 ص. : _bصور لو. ؛ _c24 سم. |
||
| 504 | _aببليوجرافية : ص 293 - 300 | ||
| 650 | 0 | 7 |
_2qrmak _aالاعلان بالتليفزيون . |
| 650 | 0 | 7 |
_2qrmak _aالاعلانات _xتصميم . |
| 651 | _2qrmak | ||
| 700 | 0 |
_aريهام محمد الجندى _eمؤلف مشارك . |
|
| 942 |
_2ddc _cBK |
||